000 00744cam a22002171 4500
999 _c331663
_d331663
001 1719348
003 NUST
005 20171012150344.0
008 720824s1930 pk a 000 0 eng
010 _a 72186869
040 _aDLC
_cDLC
_dDLC
043 _aa-pk---
050 0 0 _aDS485.N7
_bE92 1930
082 _a954.912
_bEWA
100 1 _aEwart, J. M.
_95407
245 1 0 _aStory of the North West Frontier Province
_c[by J. M. Ewart; rev. by E. B. Howell]
260 _aPeshawar,
_bGovt. Print. and Stationery Off.,
_c1930.
300 _aii, 90 p.
_billus.
_c20 cm.
651 0 _aKhyber Pakhtunkhwa (Pakistan)
_xHistory.
_93865
700 1 _aHowell, Evelyn Berkeley,
_cSir,
_d1877-
_95408
906 _a7
_bcbc
_corignew
_d4
_encip
_f19
_gy-gencatlg
942 _2ddc
_cBK